| 000 | 00472nam a2200181Ia 4500 | ||
|---|---|---|---|
| 008 | 210719s1984 xx 000 0 und d | ||
| 020 | _a0273025619 | ||
| 041 | _aeng | ||
| 082 | _a657.42 OWLW | ||
| 100 | _aOWLER (L W J);BROWN (J L) | ||
| 245 | _aWheldon's cost accounting Ed 15 | ||
| 250 | _a15 | ||
| 260 |
_aLondon. _bE L B S, _c1984 |
||
| 300 |
_ax,706 _bPB |
||
| 365 | _cRs | ||
| 650 | _aCost Accounting | ||
| 906 | _a15 ; accounting ; cost ; Ed ; s ; Wheldon | ||
| 999 |
_c212236 _d212236 |
||